| 000 | 00323nam a22001217a 4500 | ||
|---|---|---|---|
| 020 | _a0130622966 | ||
| 082 |
_222 _a005.453 |
||
| 100 | _aGough, John. | ||
| 245 | _aCompiling for the NET common language runtime (CLR) | ||
| 260 |
_aUSA, _bPrentice Hall PTR, _cc2002. |
||
| 300 |
_axii, 391p. ; _bill. ; _c23 cm. |
||
| 942 |
_2ddc _cIT |
||
| 999 |
_c1338 _d1338 |
||